| 000 | 01164nam a22002657a 4500 | ||
|---|---|---|---|
| 005 | 20080905121451.0 | ||
| 008 | 080905t xxu||||| |||| 00| 0 hin d | ||
| 010 | _aHIN-92878 | ||
| 020 |
_c240.00 _a9789380511085 |
||
| 035 | _aHN-65224 | ||
| 037 | _bDBAD / PUB | ||
| 040 |
_aDPL _bHN |
||
| 082 | _a822.08 | ||
| 100 |
_aजाधव, प्रकाश नारायणराव _928442 |
||
| 245 |
_aशंकर शेष की नाट्य कला / _cप्रकाश नारायणराव जाधव |
||
| 246 |
_aShankar Shesh ki natya kala _bby Prakash Narayanrao Jadhav |
||
| 260 |
_aकानपुर _bसमता प्रकाशन _c2011 |
||
| 270 |
_aबजरंगनगर, रूरा, रमाबाई नगर _bकानपुर _e209303 _k09450139012 |
||
| 300 |
_a120पृ _c22सेमी (सजिल्द) |
||
| 650 | _928443 | ||
| 650 | _928455 | ||
| 700 | _928521 | ||
| 942 |
_adpl _cHN _2ddc _mजाधव _h822.08 |
||
| 999 |
_c52790 _d52790 |
||